000 00321nam a22001337a 4500
008 211011b ||||| |||| 00| 0 eng d
041 _aeng
080 _23rd
_a82
082 _a82
100 _a21
101 _aGJL
245 _aLiterature An Introduction to Fiction, Poetry, and Drama
_cKennedy,X.J
942 _2udc
_cBK
999 _c58119
_d58119